书目信息 |
| 题名: |
青山依旧在
|
|
| 作者: | 席中星 , 安永香 著 | |
| 分册: | ||
| 出版信息: | 北京 人民日报出版社 2016 |
|
| 页数: | 472页 | |
| 开本: | 24cm | |
| 丛书名: | ||
| 单 册: | ||
| 中图分类: | I253.2 , E297.2 | |
| 科图分类: | ||
| 主题词: | 纪实文学--中国--当代 | |
| 电子资源: | ||
| ISBN: | 978-7-5115-4238-0 | |
| 000 | 00958nam0 2200277 450 | |
| 001 | 012001002209 | |
| 005 | 20140926114740.0 | |
| 010 | @a978-7-5115-4238-0@dCNY98.00 | |
| 100 | @a20170802d2016 em y0chiy50 ea | |
| 101 | 0 | @achi |
| 102 | @aCN@b110000 | |
| 105 | @ay z 000zy | |
| 106 | @ar | |
| 200 | 1 | @a青山依旧在@9qing shan yi jiu zai@e中国红西路军西征轶事@f席中星,安永香著 |
| 210 | @a北京@c人民日报出版社@d2016 | |
| 215 | @a472页@d24cm | |
| 330 | @a本书按照时间顺序和行军路线,将1936-1937年西路军将士血战河西走廊和祁连山主战场及作战失利后个人坎坷艰难的人生记录了下来。 | |
| 517 | 1 | @a中国红西路军西征轶事@9zhong guo hong xi lu jun xi zheng yi shi |
| 601 | 02 | @a红四方面军@j史料 |
| 606 | 0 | @a纪实文学@y中国@z当代 |
| 690 | @aI253.2@v5 | |
| 690 | @aE297.2@v5 | |
| 701 | 0 | @a席中星@9xi zhong xing@f(1954~)@4著 |
| 701 | 0 | @c(裕固)@a安永香@9an yong xiang@c(女)@4著 |
| 801 | 0 | @aCN@b上海新华@c20180901 |
| 905 | @b1157653-6@dI253.2@e1065@f4 | |
| 青山依旧在:中国红西路军西征轶事/席中星,安永香著.-北京:人民日报出版社,2016 |
| 472页;24cm |
| ISBN 978-7-5115-4238-0:CNY98.00 |
| 本书按照时间顺序和行军路线,将1936-1937年西路军将士血战河西走廊和祁连山主战场及作战失利后个人坎坷艰难的人生记录了下来。 |
| ● |
| 相关链接 |
|
|
|
|
正题名:青山依旧在
索取号:I253.2/1065
 
预约/预借
| 序号 | 登录号 | 条形码 | 馆藏地/架位号 | 状态 | 备注 |
| 1 | 1157653 | 211576533 | 第一样本阅览室/ [索取号:I253.2/1065] | 在馆 | |
| 2 | 1157654 | 211576542 | 密集书库-文学院/ [索取号:I253.2/1065] | 在馆 | |
| 3 | 1157655 | 211576551 | 第二借阅区/ [索取号:I253.2/1065] | 在馆 | |
| 4 | 1157656 | 211576560 | 第二借阅区/ [索取号:I253.2/1065] | 在馆 |